Japán szakszervezeti vezetők Szegeden
Elmentve itt :
| Dokumentumtípus: | Cikk |
|---|---|
| Megjelent: |
1968-11-22
|
| Sorozat: | Délmagyarország
58 No. 274 |
| Kulcsszavak: | Yoshimagsu, Tadao, Yaguchi, Toshio, Ökrös János, Pedagógia külföldi vendég japán 1968, külföldi politikusok látogatásai |
| Online Access: | http://dmarchiv.bibl.u-szeged.hu/71173 |
| LEADER | 00526nab a2200145 i 4500 | ||
|---|---|---|---|
| 001 | delm71173 | ||
| 005 | 20180928082402.0 | ||
| 008 | 180928s1968 hu o 0|| hun d | ||
| 040 | |a SZTE Délmagyarország Archívum |b hun | ||
| 041 | |a hun | ||
| 245 | 0 | 0 | |a Japán szakszervezeti vezetők Szegeden |h [elektronikus dokumentum] |
| 260 | |c 1968-11-22 | ||
| 300 | |a 5 | ||
| 490 | 0 | |a Délmagyarország |v 58 No. 274 | |
| 695 | |a Yoshimagsu, Tadao, Yaguchi, Toshio, Ökrös János, Pedagógia külföldi vendég japán 1968, külföldi politikusok látogatásai | ||